00262nam a2200109Ia 4500008004100000041001200041100001400053245005700067260000600124650000600130700001600136221030s9999 xx 000 0 und d aEnglish aH. Koontz 0aEssentials fof Managementcby H. Koontz, H. Weihrich c0 aB aH. Weihrich